See You Again Wiz Khalifa Lyrics - Statistics

General Stats
  • This quiz has been taken 1,449 times
  • The average score is 162 of 254
Answer Stats
Hint Answer % Correct
a
99%
A
99%
I
99%
see
99%
you,
99%
you
99%
again
98%
be
97%
it
97%
when
97%
When
97%
been
95%
friend
95%
long
95%
my
95%
about
94%
all
94%
All
94%
And
94%
and
94%
day
94%
Chorus: It's
94%
with
94%
tell
93%
we
93%
without
92%
I'll
91%
way
84%
way,
84%
the
80%
The
80%
where
79%
come
78%
go
78%
from
77%
We've
77%
we've
77%
began
76%
Oh,
73%
talk
70%
That
69%
that
69%
to
68%
me
65%
family
63%
How
62%
through
62%
got?
61%
can
59%
in
59%
not
59%
things
59%
every
58%
for
57%
So
57%
who
57%
Now
56%
now
56%
standing
56%
by
54%
last
54%
road
54%
side
54%
were
54%
here
53%
knew?
52%
gon'
51%
out
50%
will
50%
But
49%
right
49%
your
49%
love
48%
talking
48%
there
48%
Verse 1: Damn,
45%
Everything
45%
family's
45%
know
45%
place
44%
better
43%
planes
43%
flew
42%
Had
42%
had
42%
picture
42%
ride
42%
another
41%
Good
40%
up
40%
at
39%
bigger
39%
hit
39%
I'd
38%
days
37%
Hard
37%
Look
37%
never
37%
switch
37%
take,
37%
Those
37%
is
36%
laugh
36%
light
36%
work
36%
yeah
36%
always
35%
forever
35%
as
34%
told
34%
different,
33%
Hold
33%
memory
33%
pays
33%
something
33%
went
33%
I'm
32%
wouldn't
32%
Verse 2: First
31%
first
31%
guide
31%
home,
31%
home
31%
lost
31%
gone
30%
Bridge: Let
30%
on
30%
'Bout
29%
broken
29%
path
29%
bond
28%
lead
28%
friendship
27%
get
27%
turn
27%
loved
26%
remember
26%
strong
23%
what
23%
both
21%
brotherhood
21%
line
21%
Then
21%
feeling
20%
our
20%
Pre - Chorus: Uh
20%
vibe
18%
drawn
17%
crossed
16%
own
16%
small
15%
Established
14%
reach
12%
what's
12%
No matching quizzes found
Score Distribution
Percent of People with Each Score
Percentile by Number Answered
Your Score History
You have not taken this quiz